00820nam a2200241Ia 4500003000400000005001700004008004100021020001700062040000700079041000800086082001500094100004400109245004900153260004500202300001500247365001400262650005100276650002200327906005200349942001200401999001900413952014600432OSt20230331145520.0210423s2009 xx 000 0 und d a978052168051 cAL aeng a155.2 CORP aCORR (Philp J);MATTHEWS (Gerald)981011 aCambridge handbook of personality psychology aLondonbCambridge University Pressc2009 aiv,850bPB b3775cINR aDifferential & Developmental Psychology981012 aPsychology981013 aCambridge ; handbook ; personality ; psychology 2ddccBK c157717d157717 001040708CPSYaSACPGbSACPGd2009-02-15eCambridge University Pressg3775.00l0o155.2 CORPpPG004194r2022-08-24 00:00:00w2021-04-26yBK